000 00316nam a2200097Ia 4500
082 _a658.8700968|CONT
245 0 _aContemporary retail and marketing case studies
100 _a Van Heerden, Neels, , 1957- Claremont, South Africa, 2013
_967370
942 _cBK
008 210817s9999 xx 000 0 und d
999 _c217052
_d217050